El neoliberalismo como destrucción creativa /

Guardado en:
Bibliografiske detaljer
Hovedforfatter: Harvey, David
Format: Texto
Tags: Tilføj Tag
Ingen Tags, Vær først til at tagge denne postø!

MARC

LEADER 00000 a a2200000 04500
001 43815
003
040
100 |a Harvey, David  
245 |a El neoliberalismo como destrucción creativa /  |c David Harvey  
773 |g páginas 1-22  
999 |c 39428  |d 39428